[Event "NCA-chT final"]
[Site "Managua"]
[Date "2018.11.11"]
[Round "9.1"]
[White "Solorzano Rivera, Freddy Alfonso"]
[Black "Izaba, Rodolfo"]
[Result "1-0"]
[WhiteElo "1604"]
[BlackElo "1990"]
[PlyCount "89"]
[EventDate "2018.10.27"]
[EventType "team-tourn"]
[EventRounds "11"]
[EventCountry "NCA"]
[SourceTitle "EXT 2020"]
[Source "ChessBase"]
[SourceDate "2019.10.17"]
[SourceVersion "1"]
[SourceVersionDate "2019.10.17"]
[SourceQuality "1"]

1. e4 e5 2. Nf3 Nc6 3. Bc4 Be7 4. d4 d6 5. dxe5 Nxe5 6. Nxe5 dxe5 7. Qh5 g6 8. Qxe5 Nf6 9. Bh6 Rg8 10. Bg5 Qd6 11. Qxd6 cxd6 12. Nc3 a6 13. 0-0-0 b5 14. Bxf6 Bxf6 15. Nd5 Bd8 16. Bb3 Bb7 17. Rhe1 Kf8 18. Kb1 Kg7 19. f4 Re8 20. f5 Rc8 21. a4 Re5 22. axb5 axb5 23. Nc3 gxf5 24. exf5 Rxf5 25. Rxd6 Ba5 26. Rd7 Bc6 27. Ra7 Bb4 28. Re3 Bc5 29. Rg3+ Kf8 30. Ra6 Bb4 31. Rg4 Bb7 32. Rb6 Ra8 33. Nd1 Rf1 34. c3 Bd5 35. Rxb4 Bxb3 36. Rxb3 Rxd1+ 37. Kc2 Raa1 38. R3xb5 Rac1+ 39. Kb3 Rd2 40. Rh6 Rcc2 41. Ka3 Kg7 42. Rh4 Rxg2 43. h3 f5 44. Rf4 Kg6 45. Rfxf5 1-0

[Event "NCA-chT final"]
[Site "Managua"]
[Date "2018.11.04"]
[Round "6.1"]
[White "Flores Talavera, Luis"]
[Black "Solorzano Rivera, Freddy Alfonso"]
[Result "1/2-1/2"]
[WhiteElo "2034"]
[BlackElo "1604"]
[PlyCount "70"]
[EventDate "2018.10.27"]
[EventType "team-tourn"]
[EventRounds "11"]
[EventCountry "NCA"]
[SourceTitle "EXT 2020"]
[Source "ChessBase"]
[SourceDate "2019.10.17"]
[SourceVersion "1"]
[SourceVersionDate "2019.10.17"]
[SourceQuality "1"]

1. e4 c5 2. Nf3 Nc6 3. d4 cxd4 4. Nxd4 g6 5. Nc3 Bg7 6. Be3 Nf6 7. Be2 0-0 8. Qd2 d5 9. exd5 Nxd5 10. Nxc6 bxc6 11. Rd1 Qa5 12. Nxd5 Qxd2+ 13. Rxd2 cxd5 14. c3 e6 15. Bc5 Rd8 16. c4 Bb7 17. 0-0 dxc4 18. Rxd8+ Rxd8 19. Bxc4 Rc8 20. b4 Bf8 21. Bxf8 Rxc4 22. Bc5 a5 23. a3 axb4 24. axb4 Bd5 25. Ra1 h5 26. f3 Rc2 27. Bd6 g5 28. Ra3 g4 29. Be5 Kh7 30. b5 gxf3 31. gxf3 Rc1+ 32. Kf2 Rb1 33. Ra5 Bc4 34. Bd4 Rxb5 35. Rxb5 Bxb5 1/2-1/2

[Event "NCA-chT final"]
[Site "Managua"]
[Date "2018.10.28"]
[Round "3.1"]
[White "Espinoza, Felix"]
[Black "Solorzano Rivera, Freddy Alfonso"]
[Result "1-0"]
[WhiteElo "2186"]
[BlackElo "1604"]
[PlyCount "55"]
[EventDate "2018.10.27"]
[EventType "team-tourn"]
[EventRounds "11"]
[EventCountry "NCA"]
[SourceTitle "EXT 2020"]
[Source "ChessBase"]
[SourceDate "2019.10.17"]
[SourceVersion "1"]
[SourceVersionDate "2019.10.17"]
[SourceQuality "1"]

1. e4 c5 2. Nf3 Nc6 3. d4 cxd4 4. Nxd4 g6 5. c4 Bg7 6. Be3 Nf6 7. Nc3 0-0 8. Be2 d6 9. 0-0 Bd7 10. Qd2 Nxd4 11. Bxd4 Bc6 12. f3 a5 13. Nd5 Bxd5 14. cxd5 Nd7 15. Bxg7 Kxg7 16. Qd4+ Kg8 17. Rac1 Nc5 18. Rc2 Qb6 19. Rfc1 Qb4 20. Rc4 Qb6 21. f4 f5 22. exf5 Rxf5 23. Bg4 Rf6 24. Be6+ Rxe6 25. dxe6 Rf8 26. h3 Rf6 27. Re1 Qc7 28. Qxf6 1-0

[Event "NCA-chT final"]
[Site "Managua"]
[Date "2018.10.28"]
[Round "2.3"]
[White "Solorzano Rivera, Freddy Alfonso"]
[Black "Torres, Juan Carlos1111"]
[Result "0-1"]
[WhiteElo "1604"]
[BlackElo "1958"]
[PlyCount "30"]
[EventDate "2018.10.27"]
[EventType "team-tourn"]
[EventRounds "11"]
[EventCountry "NCA"]
[SourceTitle "EXT 2020"]
[Source "ChessBase"]
[SourceDate "2019.10.17"]
[SourceVersion "1"]
[SourceVersionDate "2019.10.17"]
[SourceQuality "1"]

1. e4 c5 2. d4 cxd4 3. c3 d3 4. Bxd3 Nc6 5. Nf3 e6 6. c4 Bc5 7. Nc3 a6 8. 0-0 Qc7 9. Qe2 Nf6 10. e5 Ng4 11. Bf4 d6 12. Nd5 Qb8 13. exd6 Bxd6 14. Bxd6 Qxd6 15. Nb6 Nd4 0-1

[Event "Managua Hurtado Memorial 17th"]
[Site "Managua"]
[Date "2017.12.13"]
[Round "5"]
[White "Solorzano Rivera, Freddy Alfonso"]
[Black "Escorcia Obando, Carlos David"]
[Result "0-1"]
[WhiteElo "1533"]
[BlackElo "1498"]
[PlyCount "112"]
[EventDate "2017.12.11"]
[EventType "swiss"]
[EventRounds "9"]
[EventCountry "NCA"]
[SourceTitle "CBM 182 Extra"]
[Source "ChessBase"]
[SourceDate "2018.02.23"]
[SourceVersion "1"]
[SourceVersionDate "2018.02.23"]
[SourceQuality "1"]

1. e4 e5 2. Nf3 Nc6 3. Bc4 Be7 4. c3 Nf6 5. d3 0-0 6. 0-0 d6 7. h3 Nd7 8. d4 Nb6 9. Bb3 Bf6 10. d5 Na5 11. Nbd2 c6 12. c4 cxd5 13. cxd5 Qc7 14. Qc2 Qxc2 15. Bxc2 Bd7 16. Bd3 Rac8 17. b3 Rc3 18. Be2 Rfc8 19. Ba3 Nac4 20. Bb4 Nxd2 21. Nxd2 Rc2 22. Bd3 Rb2 23. Rfb1 Rxb1+ 24. Rxb1 Be7 25. Nf3 f6 26. Kf1 Kf7 27. Ke2 f5 28. a4 fxe4 29. Bxe4 g6 30. a5 Na8 31. Nd2 Bb5+ 32. Bd3 Bxd3+ 33. Kxd3 b5 34. Ne4 a6 35. Nxd6+ Bxd6 36. Bxd6 Rd8 37. Bxe5 Rxd5+ 38. Ke4 Ke6 39. f4 Rd2 40. Rc1 Kd7 41. g4 Ra2 42. f5 Re2+ 43. Kf4 g5+ 44. Kxg5 Rxe5 45. Kf6 Rd5 46. Kg7 Nc7 47. Rxc7+ Kxc7 48. f6 Rg5+ 49. Kxh7 Kd7 50. Kh6 Rg8 51. g5 Ke6 52. h4 Kf7 53. Kh5 Rh8+ 54. Kg4 Kg6 55. b4 Rh5 56. f7 Rh8 0-1

[Event "NCA-ch U20"]
[Site "Managua"]
[Date "2016.07.09"]
[Round "7"]
[White "Arevalo, Maria Gabriela"]
[Black "Solorzano Rivera, Freddy Alfonso"]
[Result "1-0"]
[WhiteElo "1519"]
[BlackElo "1618"]
[PlyCount "56"]
[EventDate "2016.06.25"]
[EventType "swiss"]
[EventRounds "9"]
[EventCountry "NCA"]
[SourceTitle "EXT 2018"]
[Source "ChessBase"]
[SourceDate "2017.10.13"]
[SourceVersion "1"]
[SourceVersionDate "2017.10.13"]
[SourceQuality "1"]

1. f4 d5 2. Nf3 e6 3. b3 Nf6 4. Bb2 Nbd7 5. e3 Ne4 6. d3 Bb4+ 7. c3 Bc5 8. dxe4 dxe4 9. Nd4 Nf6 10. Be2 Nd5 11. Qd2 Qe7 12. Bb5+ Bd7 13. Bxd7+ Qxd7 14. Na3 Qe7 15. Nac2 0-0-0 16. 0-0-0 a5 17. Qe2 c6 18. Rhf1 g6 19. c4 Nb4 20. Nxb4 Bxb4 21. Nc2 Rhe8 22. Nxb4 axb4 23. Qc2 f5 24. Be5 Qc5 25. Bd4 Qa5 26. Kb1 b6 27. Bf6 Rd7 28. Rxd7 Kxd7 1-0

[Event "NCA-ch U20"]
[Site "Managua"]
[Date "2016.07.03"]
[Round "6"]
[White "Solorzano Rivera, Freddy Alfonso"]
[Black "Murillo, Bryan"]
[Result "0-1"]
[WhiteElo "1618"]
[BlackElo "1996"]
[PlyCount "64"]
[EventDate "2016.06.25"]
[EventType "swiss"]
[EventRounds "9"]
[EventCountry "NCA"]
[SourceTitle "EXT 2018"]
[Source "ChessBase"]
[SourceDate "2017.10.13"]
[SourceVersion "1"]
[SourceVersionDate "2017.10.13"]
[SourceQuality "1"]

1. f4 d5 2. d4 e6 3. Nf3 c5 4. e3 Nc6 5. c3 f5 6. Bd3 Nf6 7. Nbd2 Be7 8. a4 0-0 9. 0-0 cxd4 10. exd4 Ne4 11. Ne5 Nxe5 12. fxe5 Bg5 13. Rf3 Bd7 14. Rh3 h6 15. Nf3 Bxc1 16. Rxc1 Qa5 17. Nh4 Bxa4 18. Qe2 Be8 19. Bxe4 dxe4 20. g4 Qd5 21. Rf1 Bb5 22. Qe1 Bxf1 23. Ng6 Bxh3 24. Ne7+ Kh7 25. Nxd5 exd5 26. g5 f4 27. gxh6 gxh6 28. Qf2 Rg8+ 29. Kh1 Rg4 30. e6 Rag8 31. e7 Rg1+ 32. Qxg1 Rxg1+ 0-1